[Event "BCF-chT3S 1819 (4NCL) Demotion pool"]
[Site "England"]
[Date "2019.04.14"]
[Round "8.81"]
[White "Clark, Kevin R"]
[Black "Saidmurodov, Shahjahon"]
[Result "1/2-1/2"]
[WhiteElo "2125"]
[BlackElo "1775"]
[PlyCount "77"]
[EventDate "2019.04.14"]
[EventType "team-tourn"]
[EventRounds "11"]
[EventCountry "ENG"]
[SourceTitle "EXT 2021"]
[Source "ChessBase"]
[SourceDate "2020.10.23"]
[SourceVersion "1"]
[SourceVersionDate "2020.10.23"]
[SourceQuality "1"]
[WhiteTeam "Poisoned Pawns"]
[BlackTeam "CSC Dragons II"]
[WhiteTeamCountry "ENG"]
[BlackTeamCountry "ENG"]

1. e4 e5 2. Bc4 Bc5 3. Nf3 Nc6 4. c3 Qe7 5. 0-0 Nf6 6. d4 Bb6 7. Re1 d6 8. h3 h6 9. b3 g5 10. dxe5 Nxe5 11. Nxe5 Qxe5 12. Be3 Bxe3 13. Rxe3 Bd7 14. Qd4 0-0 15. Nd2 Rfe8 16. Rae1 Qxd4 17. cxd4 Nh5 18. e5 dxe5 19. dxe5 Be6 20. Bxe6 Rxe6 21. Ne4 b6 22. g3 Rd8 23. Rc1 c5 24. a4 Kg7 25. Nd6 f6 26. exf6+ Kxf6 27. Rf3+ Kg6 28. Nb5 a6 29. Na3 Nf6 30. a5 b5 31. Rxc5 Rd1+ 32. Kg2 Ree1 33. Re3 Rxe3 34. fxe3 Ra1 35. Nc2 Rxa5 36. Nb4 Ra3 37. Rc6 Kf5 38. g4+ Ke5 39. Nd3+ 1/2-1/2

[Event "BCF-chT3Sb 1819 (4NCL)"]
[Site "England"]
[Date "2019.02.09"]
[Round "5.54"]
[White "Frostick, Helen M"]
[Black "Clark, Kevin R"]
[Result "0-1"]
[WhiteElo "1970"]
[BlackElo "2125"]
[PlyCount "64"]
[EventDate "2018.11.17"]
[EventType "team-tourn"]
[EventRounds "7"]
[EventCountry "ENG"]
[SourceTitle "EXT 2021"]
[Source "ChessBase"]
[SourceDate "2020.10.23"]
[SourceVersion "1"]
[SourceVersionDate "2020.10.23"]
[SourceQuality "1"]
[WhiteTeam "CSC"]
[BlackTeam "Poisoned Pawns"]
[WhiteTeamCountry "ENG"]
[BlackTeamCountry "ENG"]

1. e4 e5 2. Nf3 Nf6 3. d4 Nxe4 4. dxe5 d5 5. exd6 Bxd6 6. Bd3 Nc5 7. Qe2+ Be6 8. Bc4 0-0 9. Bxe6 Nxe6 10. 0-0 Nc6 11. Be3 Re8 12. Qc4 Nb4 13. a3 Nd5 14. Bd2 Nef4 15. Bxf4 Nxf4 16. Nc3 Qd7 17. Rfd1 Qg4 18. Qf1 Re6 19. Nd4 Rg6 20. g3 Bc5 21. f3 Bxd4+ 22. Kh1 Qxg3 23. Rxd4 Rh6 24. Rd2 Re8 25. Qf2 Qxf2 26. Rxf2 Rhe6 27. Raf1 Rb6 28. b3 f5 29. Rd2 Rbe6 30. Kg1 c6 31. Kf2 Rg6 32. Rfd1 Nh3+ 0-1

[Event "BCF-chT3Sb 1819 (4NCL)"]
[Site "England"]
[Date "2019.01.13"]
[Round "4.52"]
[White "Burrows, Martin P"]
[Black "Clark, Kevin R"]
[Result "1/2-1/2"]
[WhiteElo "2156"]
[BlackElo "2104"]
[PlyCount "62"]
[EventDate "2018.11.17"]
[EventType "team-tourn"]
[EventRounds "7"]
[EventCountry "ENG"]
[SourceTitle "EXT 2021"]
[Source "ChessBase"]
[SourceDate "2020.10.23"]
[SourceVersion "1"]
[SourceVersionDate "2020.10.23"]
[SourceQuality "1"]
[WhiteTeam "The Rookies"]
[BlackTeam "Poisoned Pawns"]
[WhiteTeamCountry "ENG"]
[BlackTeamCountry "ENG"]

1. e4 e5 2. Nf3 Nf6 3. Nxe5 d6 4. Nf3 Nxe4 5. Nc3 Nxc3 6. dxc3 Be7 7. Bf4 Be6 8. Qd2 Nd7 9. Nd4 Nf6 10. Nxe6 fxe6 11. 0-0-0 Qd7 12. Kb1 0-0-0 13. Bd3 Kb8 14. Rhe1 e5 15. Be3 Nd5 16. c4 Nxe3 17. Qxe3 Bf6 18. Be4 c6 19. Rd3 Qc7 20. Red1 g6 21. Ra3 a6 22. Rb3 Rhf8 23. f3 Rf7 24. g4 Rfd7 25. Rbd3 Qa5 26. g5 Be7 27. c3 Rf8 28. h4 Rf4 29. Qf2 Qd8 30. R3d2 Qg8 31. b3 Qd8 1/2-1/2

[Event "BCF-chT3Sa 1617 (4NCL)"]
[Site "England"]
[Date "2017.01.14"]
[Round "3.32"]
[White "Gill, Oliver"]
[Black "Clark, Kevin R"]
[Result "1/2-1/2"]
[WhiteElo "2139"]
[BlackElo "2148"]
[PlyCount "36"]
[EventDate "2016.11.26"]
[EventType "team-tourn"]
[EventRounds "11"]
[EventCountry "ENG"]
[SourceTitle "EXT 2019"]
[Source "ChessBase"]
[SourceDate "2018.10.10"]
[SourceVersion "1"]
[SourceVersionDate "2018.10.10"]
[SourceQuality "1"]
[WhiteTeam "Wessex"]
[BlackTeam "Poisoned Pawns"]
[WhiteTeamCountry "ENG"]
[BlackTeamCountry "ENG"]

1. e4 e5 2. Nf3 Nf6 3. d4 Nxe4 4. Bd3 d5 5. Nxe5 Bd6 6. 0-0 0-0 7. c4 Nc6 8. cxd5 Nxd4 9. Nc4 Nf6 10. Bxh7+ Kxh7 11. Qxd4 Nxd5 12. Rd1 Be6 13. Nxd6 Qxd6 14. Nc3 Rfd8 15. Ne4 Qb4 16. Ng5+ Kg8 17. Nxe6 fxe6 18. Bg5 Qxd4 1/2-1/2